Online Catalogue and eLibrary

Modern historiography : (Record no. 3421)

MARC details
000 -LEADER
fixed length control field 00641nam a2200157Ia 4500
005 - DATE AND TIME OF LATEST TRANSACTION
control field 20241125074312.0
008 - FIXED-LENGTH DATA ELEMENTS--GENERAL INFORMATION
fixed length control field 240331s9999 xx 000 0 und d
020 ## - INTERNATIONAL STANDARD BOOK NUMBER
ISBN 0415202671
082 ## - DDC Classification
Item Number - Author Mark BEN
Class No. 907
100 ## - MAIN ENTRY--PERSONAL NAME
Personal name Bently, M
245 #0 - TITLE STATEMENT
Title Modern historiography :
Remainder of title an introduction
260 ## - PUBLICATION, DISTRIBUTION, ETC.
Place of publication, distribution, etc. London & New York
Name of publisher, distributor, etc. Routledge
Date of publication, distribution, etc. 1999
300 ## - PHYSICAL DESCRIPTION
Extent (e.g. Volumes, Pages etc.) XII, 182 P.,
500 ## - GENERAL NOTE
General note Modern Historiography is the essential introduction to the history of historical writing. It explains the broad philosophical background to the different historians and historical schools of the modern era. In a unique overview of modern historiography.
942 ## - Koha item type (Biblio)
Koha item type Books in Stacks (Lending)
Holdings
Lost status Damaged status Collection code Home library Current library Shelving location Date acquired Full call number Accession Number Item type
    Lending WERC Library WERC Library Social Science Cupboard 03/31/2024 909.2 BEN 2966 Books in Stacks (Lending)

© WERC Library